| 000 | 00608nam a22002537a 4500 | ||
|---|---|---|---|
| 003 | UA-OsUOA | ||
| 001 | 32566 | ||
| 007 | ta | ||
| 008 | 20050204b un ||||| |||| 00| 0 ukr d | ||
| 100 | _aКарцев В. | ||
| 090 |
_a330.85(47+57) _bК27 |
||
| 942 | _cBK | ||
| 040 |
_aUA-OsUOA _brus _cUA-OsUOA _dUA-OsUOA |
||
| 245 | _aКржижановский | ||
| 300 |
_a384 с. _bІлюстрації |
||
| 955 | _a0 | ||
| 041 | _arus | ||
| 080 | _a330.85(47+57) | ||
| 260 |
_aМ. _b"Молодая гвардия" _c1985 |
||
| 044 | _aRU | ||
| 250 | _nИзд.2-е | ||
| 650 | 7 | _2UDC | |
| 999 |
_c319011 _d319011 |
||